000 00966nam a22002771 4500
999 _c5076
_d5076
001 5076
003 BD-JhCC
005 20171207192033.0
008 700217s1968 pk b 000 0 eng d
035 _a(BD-JhCC)5076
040 _aDLC
_cDLC
_dDLC
_dBD-JhCC
041 _aeng
050 0 0 _aHC440.5
_b.T5
082 0 0 _a338.9549
_bTIM 1968
100 1 _aTims, Wouter.
245 1 0 _aAnalytical techniques for development planning :
_ba case study of Pakistan's third five-year plan. /
_cWouter Tims
260 _aKarachi :
_bPakistan Institute of Development Economics,
_c1968.
300 _a210 p.
_c24 cm.
500 _aReport of studies made by the Planning Commission, Government of Pakistan, during 1964 and 1965.
502 _aProefschrift--Nederlandsche Economische Hoogeschool, Rotterdam.
504 _aIncludes bibliographies.
651 0 _aPakistan
_xEconomic policy.
710 1 _aPakistan.
_bPlanning Commission.
942 _2ddc
_cBK